| 000 | 00000nam 2200000zi 4500 |
| 001 | 9.924879 |
| 003 | CaOODSP |
| 005 | 20250912154714 |
| 006 | m o d f |
| 007 | cr |n||||||||| |
| 008 | 230707e20221215onc ob f|0| 0 eng d |
| 040 | |aCaOODSP|beng|erda|cCaOODSP |
| 043 | |an-cn--- |
| 086 | 1 |aRv55-8/18-3-2-2022E-PDF |
| 245 | 00|aExcise duty framework for vaping products. |
| 250 | |a[December 15, 2022 edition]. |
| 264 | 1|aOttawa : |bCanada Border Services Agency = Agence des services frontaliers du Canada, |cDecember 15 2022. |
| 300 | |a1 online resource (19 pages). |
| 336 | |atext|btxt|2rdacontent |
| 337 | |acomputer|bc|2rdamedia |
| 338 | |aonline resource|bcr|2rdacarrier |
| 490 | 1 |aMemorandum, |x2369-2391 ; |vD18-3-2 |
| 500 | |aIssued also in French under title: Cadre de droits d'accise sur les produits de vapotage. |
| 504 | |aIncludes bibliographical references (page 19). |
| 650 | 0|aVaping|xLaw and legislation|zCanada. |
| 650 | 0|aElectronic cigarettes|xTaxation|zCanada. |
| 710 | 2 |aCanada Border Services Agency, |eissuing body. |
| 775 | 08|tCadre de droits d'accise sur les produits de vapotage.|w(CaOODSP)9.924880 |
| 794 | |tExcise duty framework for vaping products.|b[January 30, 2024 edition]|w(CaOODSP)9.937160 |
| 830 | #0|aMemorandum (Canada Border Services Agency)|vD18-3-2.|w(CaOODSP)9.816825 |
| 856 | 40|qPDF|s1.02 MB|uhttps://publications.gc.ca/collections/collection_2023/asfc-cbsa/Rv55-8-18-3-2-2022-eng.pdf |